La inmunidad parlamentaria en Colombia : (Registro nro. 5723)
[ vista simple ]
| 000 -LEADER | |
|---|---|
| fixed length control field | 00867nam a2200193Ia 4500 |
| 003 - CONTROL NUMBER IDENTIFIER | |
| control field | OSt |
| 005 - DATE AND TIME OF LATEST TRANSACTION | |
| control field | 20200512174938.0 |
| 008 - FIXED-LENGTH DATA ELEMENTS--GENERAL INFORMATION | |
| fixed length control field | 191128s1970 ck gr 000 0 spa d |
| 040 ## - CATALOGING SOURCE | |
| Original cataloging agency | CO-JMCR |
| Transcribing agency | CO-JMCR |
| 041 0# - LANGUAGE CODE | |
| Language code of text/sound track or separate title | spa |
| 082 04 - DEWEY DECIMAL CLASSIFICATION NUMBER | |
| Classification number | 328.34 / |
| Item number | M337i |
| Edition number | 23 |
| 100 1# - MAIN ENTRY--PERSONAL NAME | |
| Personal name | Marín Vanegas, Dario, |
| Relator term | autor |
| 9 (RLIN) | 4209 |
| 245 10 - TITLE STATEMENT | |
| Title | La inmunidad parlamentaria en Colombia : |
| Remainder of title | apartes de un debate de trascendencia histórica / |
| Statement of responsibility, etc. | Dario Marín Vanegas |
| 260 ## - PUBLICATION, DISTRIBUTION, ETC. | |
| Place of publication, distribution, etc. | Bogotá : |
| Name of publisher, distributor, etc. | Senado de la República, |
| Date of publication, distribution, etc. | 1970 |
| 300 ## - PHYSICAL DESCRIPTION | |
| Extent | 93 páginas ; |
| Dimensions | 23 cm. |
| 505 0# - FORMATTED CONTENTS NOTE | |
| Formatted contents note | Informe rendido al Senado por los senadores Angulo Gómez y Marín Vanegas sobre el levantamiento de la inmunidad del Senador Vives Echeverría -- Discurso pronunciado por el Senador Marín Vanegas ante el Senado en el debate. |
| 650 14 - SUBJECT ADDED ENTRY--TOPICAL TERM | |
| Topical term or geographic name entry element | Inmunidad parlamentaria |
| General subdivision | privilegios e inmunidades |
| 9 (RLIN) | 4210 |
| 942 ## - ADDED ENTRY ELEMENTS (KOHA) | |
| Source of classification or shelving scheme | Dewey Decimal Classification |
| Koha item type | Books |
| Withdrawn status | Lost status | Source of classification or shelving scheme | Damaged status | Not for loan | Collection code | Home library | Current library | Date acquired | Source of acquisition | Cost, normal purchase price | Total Checkouts | Full call number | Barcode | Date last seen | Copy number | Koha item type |
|---|---|---|---|---|---|---|---|---|---|---|---|---|---|---|---|---|
| Dewey Decimal Classification | Non-fiction | Biblioteca Pública José María del Castillo y Rada | Biblioteca Pública José María del Castillo y Rada | 04/15/2018 | Donación | 0.00 | 328.34 / M337i | 430004041 | 05/16/2024 | Ej.1 | Books |